00369nam a2200133Ia 4500008004100000041000800041082001500049100002400064245004500088250001400133260004400147300003300191365001100224240624s9999 xx 000 0 und d aeng a342.54 SHA aSHARMA BRIJ KISHORE aINTRODUCTION TO THE CONSTITUTION OF INDI a(4th ed.) c2008aNew DelhibPrentice-Hall of India axxxvi, : 398 : p. : cm. ; 24 cRSb36